• Doria, Andrea,

di Personal Name

Records bibliografici associati: 1

001 - CONTROL NUMBER

  • control field: 10384

003 - CONTROL NUMBER IDENTIFIER

  • control field: IT-RoINE

005 - DATE AND TIME OF LATEST TRANSACTION

  • control field: 20141104155228.0

008 - FIXED-LENGTH DATA ELEMENTS

  • fixed length control field: 140716|| aca||aabn | a|a d

040 ## - CATALOGING SOURCE

  • Original cataloging agency: IT-RoINE
  • Transcribing agency: IT-RoINE

100 1# - HEADING--PERSONAL NAME

  • Personal name: Doria, Andrea,
  • Dates associated with a name: 1466-1560

670 ## - SOURCE DATA FOUND

  • Source citation: Work cat.: (IT-RoINE)0: Cadenas y Vicent, Vicente de, 1915-2005 10383, El protectorado de Carlos V en Génova : , 1977.